01018nam a2200241 a 4500001001000000003000500010005001700015008004100032010001100073011001100084040000900095100002800104245016500132260004100297500006000338502013000398650004600528650005200574650002900626650002400655650002700679856007000706000113466CHAP20220329144355.0170629s2016 mx sm |||||||spa d a109927 a110899 cCHAP1 aRuiz Moreno, Saudizaref10aCalidad del suelo en sistemas de producción tradicionales y con tecnologías agroforestales en Xaltepuxtla, Pueblah[En línea]cpor Saudizaref Ruiz Moreno. aChapingo, Méx. :bEl autor,c2016. aPara ver el contenido del material haga clic en la liga aTesis (M.C. en Agroforestería para el Desarrollo Sostenible) -- UACH. Departamento de Enseñanza Investigación en Suelos14aAgriculturaxInnovaciones tecnológicas.14aPlantas ornamentalesxSistemas de producción.14aSistemas agroforestales.14aSuelosxAnálisis.14aSuelosxComposición. aFinding aiduhttp://10.13.5.2/tesis/sist113466.pdfzTeclea aquí